Liefde, seks en die hele kaboedel (Record no. 244232)

MARC details
000 -LEADER
fixed length control field 00275nam a2200097Ia 4500
082 ## - DEWEY DECIMAL CLASSIFICATION NUMBER
Classification number 306.872 NICO
008 - FIXED-LENGTH DATA ELEMENTS--GENERAL INFORMATION
fixed length control field 210817s9999 xx 000 0 und d
100 ## - MAIN ENTRY--PERSONAL NAME
Personal name NICOL, Joke Kaapstad, 2003 1ste uitg
9 (RLIN) 74213
245 #0 - TITLE STATEMENT
Title Liefde, seks en die hele kaboedel
942 ## - ADDED ENTRY ELEMENTS
item type Books
Holdings
Withdrawn status Lost status Damaged status Not for loan Home library Current library Date acquired Cost, normal purchase price Total Checkouts Barcode Date last seen Price effective from item type
        eMalahleni Main PL (MMID-PLEM) eMalahleni Main PL (MMID-PLEM) 18.08.2021 67.00   33228020179998 18.08.2021 18.08.2021 Books